000 01694nam a2200277Ia 4500
999 _c47162
_d47162
001 14020
003 GE_BSU
005 20241029110918.0
008 181216s1987||||ge |||||||||||||| ||geo||
040 _cGE_BSU
041 _ageo
080 _a821.353.1+821.353.1-92 ჭ-15
100 _aჭავჭავაძე, ილია
_923537
245 _aრჩეული ნაწარმოებები 5 ტომად : ტ.V :
_bპუბლიცისტური წერილები /
_cილია ჭავჭავაძე ; სარედ. კოლეგია : გ. გვერდწითელი, რ. ინანიშვილი, გ. ფანჯიკიძე და სხვ. ; ტომი შეადგ. და შენიშვ. დაურთეს ს. ცაიშვილმა და გურამ გვერდწითელმა.
264 _aთბილისი :
_bსაბჭოთა საქართველო,
_c1987.
300 _a444 გვ. ;
_c21 სმ.
541 _h8ლ.
653 _aრჩეული ნაწარმოებები 5 ტომად. ტ.V
653 _aპუბლიცისტური წერილები
700 _aგვერდწითელი, გ.
_eრედაქტორი
_923538
700 _aინანიშვილი, რ.
_eრედაქტორი
_919469
700 _aფანჯიკიძე, გ.
_eრედაქტორი
_93671
700 _aცაიშვილი, ს.
_eშემდგენელი
_95572
700 _aგვერდწითელი, გ.
_eშემდგენელი
_923538
942 _cBK
_2udc